Wszystkie ulice Koszalina - Statystyki

Ogólne statystyki
  • Ten quiz został rozwiązany 182 razy
  • Średni wynik to 76 z 585
Statystyki odpowiedzi
Ulica % Poprawnych
Szczecińska
74%
Zwycięstwa
74%
Jana Pawła II
64%
Gdańska
62%
Morska
56%
1 Maja
52%
Koszalińska
49%
Dworcowa
48%
Francuska
48%
Bukowa
47%
Holenderska
47%
Adama Mickiewicza
46%
Słupska
46%
Wojska Polskiego
46%
Władysława IV
45%
4 Marca
44%
Melchiora Wańkowicza
44%
Romualda Traugutta
44%
Bałtycka
43%
Młyńska
43%
Mieszka I
42%
Zielona
42%
Fińska
41%
Orla
41%
Sportowa
41%
Aleja Monte Cassino
40%
Franciszkańska
40%
Juliana Fałata
40%
Śniadeckich
40%
Stanisława Staszica
40%
Włoska
40%
Dębowa
39%
Jedności
38%
Połczyńska
38%
Austriacka
37%
Duńska
37%
Lechicka
37%
Leśna
37%
Róż
37%
Belgijska
36%
Bohaterów Warszawy
36%
Gnieźnieńska
36%
Juliusza Słowackiego
36%
Tadeusza Kościuszki
36%
Krakusa i Wandy
35%
Sianowska
35%
Batalionów Chłopskich
34%
Hiszpańska
34%
Ignacego Jana Paderewskiego
34%
Podgórna
34%
Wąwozowa
34%
Wenedów
34%
Żytnia
34%
Eugeniusza Kwiatkowskiego
33%
Fryderyka Chopina
33%
Henryka Sienkiewicza
32%
Niepodległości
32%
Władysława Andersa
32%
Aleja Armii Krajowej
31%
Generała Władysława Sikorskiego
31%
Jamneńska
31%
Polna
31%
Prosta
31%
Tytusa Chałubińskiego
31%
Złota
31%
Grecka
30%
Hugo Kołłątaja
30%
Jana Matejki
30%
Rolna
30%
Słoneczna
30%
Brytyjska
29%
Brzozowa
29%
Kolejowa
29%
Orląt Lwowskich
29%
Powstańców Wielkopolskich
29%
Szpitalna
29%
Lubiatowska
28%
Portugalska
28%
Akademicka
27%
Cypryjska
27%
Komisji Edukacji Narodowej
27%
Stanisława Moniuszki
27%
Adama Asnyka
26%
Akacjowa
26%
Irlandzka
26%
Jabłoniowa
26%
Kubusia Puchatka
26%
Władysława Reymonta
26%
Krótka
25%
Marszałka Józefa Piłsudskiego
25%
Różana
25%
Aleja Europejska
24%
Artura Grottgera
24%
Bolesława Chrobrego
24%
Bosmańska
24%
Energetyków
24%
Kwiatowa
24%
Pomorska
24%
Świerkowa
24%
Bojowników o wolność i demokrację
23%
Jana z Kolna
23%
Joachima Lelewela
23%
Śliwkowa
23%
Wiśniowa
23%
Harcerska
22%
Kazimierza Wyki
22%
Lutyków
22%
Rybacka
22%
Dzierżęcińska
21%
Grunwaldzka
21%
Łużycka
21%
Romana Dmowskiego
21%
Szkolna
21%
Tadeusza Mazowieckiego
21%
Tadeusza Rejtana
21%
Tulipanów
21%
Władysława Broniewskiego
21%
Bajkowa
20%
Bartosza Głowackiego
20%
Boczna
20%
Ekonomiczna
20%
Emilii Gierczak
20%
Kazimierza Wielkiego
20%
Malinowa
20%
Piastowska
20%
Stanisława Dąbka
20%
Świętego Wojciecha
20%
Wiejska
20%
Jagodowa
19%
Jodłowa
19%
Kaszubska
19%
Konstytucji 3 Maja
19%
Krańcowa
19%
Lniana
19%
Małopolska
19%
Parkowa
19%
Przemysłowa
19%
Rudolfa Clausiusa
19%
Sosnowa
19%
Tadeusza Kotarbińskiego
19%
Tadeusza Kutrzeby
19%
Karola Szymanowskiego
18%
Mieczysława Jagoszewskiego
18%
Miła
18%
Racławicka
18%
Słowiańska
18%
Spółdzielcza
18%
Srebrna
18%
Wołyńska
18%
Borówkowa
17%
Bronisława Spasowskiego
17%
Emilii Plater
17%
Giełdowa
17%
Jana Kochanowskiego
17%
Jarzębinowa
17%
Klonowa
17%
Leopolda Okulickiego
17%
Mazowiecka
17%
Mieczysława Karłowicza
17%
Mikołaja Reja
17%
Pionierów
17%
Podgrodzie
17%
Podlaska
17%
Połtawska
17%
Poprzeczna
17%
Rzeczna
17%
Spokojna
17%
Szeroka
17%
Topolowa
17%
Truskawkowa
17%
Wielkopolska
17%
Żwirowa
17%
Adama Próchnika
16%
Czesława Niemena
16%
Generała Józefa Hallera
16%
Janka Stawisińskiego
16%
Józefa Chełmońskiego
16%
Kolorowa
16%
Krakowska
16%
Maltańska
16%
Śląska
16%
Wierzbowa
16%
Cypriana Norwida
15%
Czereśniowa
15%
Juliana Krzyżanowskiego
15%
Juliana Tuwima
15%
Marii Skłodowskiej-Curie
15%
Michała Drzymały
15%
Piaskowa
15%
Zakole
15%
Żwirki i Wigury
15%
Bociania
14%
Bolesława Krzywoustego
14%
Chełmska
14%
Cisowa
14%
Diamentowa
14%
Feliksa Nowowiejskiego
14%
Jarosława Dąbrowskiego
14%
Jasna
14%
Kasztanowa
14%
Leona Zbigniewa Zubrzyckiego
14%
Heleny Modrzejewskiej
13%
Jeziorna
13%
Józefa Wybickiego
13%
Kamieniarska
13%
Mazurska
13%
Mikołaja Kopernika
13%
Na Skarpie
13%
Piotra Skargi
13%
Stefana Żeromskiego
13%
Tradycji
13%
Westerplatte
13%
Ariadna
12%
Bratków
12%
Brzoskwiniowa
12%
Budowniczych
12%
Bursztynowa
12%
Fiołków
12%
Grodzka
12%
Gryczana
12%
Jaworowa
12%
Kardynała Stefana Wyszyńskiego
12%
Krucza
12%
Kujawska
12%
Legnicka
12%
Maków
12%
Modrzewiowa
12%
Morelowa
12%
Na Jamno
12%
Na Skwierzynkę
12%
Ogrodowa
12%
Partyzantów
12%
Pocztowa
12%
Północna
12%
Poziomkowa
12%
Ptasia
12%
Rodła
12%
Sadowa
12%
Sarzyńska
12%
Słoneczników
12%
Sybiraków
12%
Witolda Doroszewskiego
12%
Władysława Tatarkiewicza
12%
Zbożowa
12%
Azaliowa
11%
Chabrów
11%
Cicha
11%
Dobra
11%
Dzieci Wrzesińskich
11%
Ignacego Łukasiewicza
11%
Józefa Chrząszczyńskiego
11%
Kalinowa
11%
Księżnej Anastazji
11%
Letnia
11%
Ludwika Waryńskiego
11%
Majora Henryka Sucharskiego
11%
Mariańska
11%
Marii Konopnickiej
11%
Olchowa
11%
Orzechowa
11%
Promykowa
11%
Robotnicza
11%
Stefana Batorego
11%
Strażacka
11%
Syrenki
11%
Wacława Sierpińskiego
11%
Cedrowa
10%
Cyprysowa
10%
Daleka
10%
Gerberowa
10%
Grabowa
10%
Jachtowa
10%
Jantarowa
10%
Kielecka
10%
Księżycowa
10%
Lubuska
10%
Miodowa
10%
Obotrytów
10%
Seminaryjna
10%
Stanisława Wyspiańskiego
10%
Wiosenna
10%
Wrzosów
10%
Wspólna
10%
Zachodnia
10%
Zenona Klemensiewicza
10%
Bliska
9%
Chmielna
9%
Darłowska
9%
Działkowa
9%
Hołdu Pruskiego
9%
Ignacego Chrzanowskiego
9%
Jęczmienna
9%
Kazimierza Tetmajera
9%
Odrodzenia
9%
Południowa
9%
Projektantów
9%
Rotmistrza Witolda Pileckiego
9%
Rzemieślnicza
9%
Stokrotek
9%
Strefowa
9%
Tęczy
9%
Żurawia
9%
Aleja ks. Kazimierza Bednarskiego
8%
Artylerzystów
8%
Bzów
8%
Edmunda Dobrzyckiego
8%
Jesionowa
8%
Księdza Jerzego Popiełuszki
8%
Łąkowa
8%
Laurowa
8%
Owsiana
8%
Pogodna
8%
Wesoła
8%
Zacisze
8%
Zbigniewa Herberta
8%
Aroniowa
7%
Czeremchowa
7%
Deszczowa
7%
Doktora Andrzeja Zientarskiego
7%
Doktora Jerzego Kostenckiego
7%
Gajowa
7%
Generała Józefa Bema
7%
Gołębia
7%
Inwestorska
7%
Jałowcowa
7%
Jaśminowa
7%
Kacza
7%
Karola Mytnika
7%
Kosynierów
7%
Kresowian
7%
Kutrowa
7%
Leszczynowa
7%
Liliowa
7%
Ludwika Zamenhofa
7%
Macieja
7%
Na Wilkowo
7%
Palmowa
7%
Platanowa
7%
Polan
7%
Pszeniczna
7%
Rubinowa
7%
Starowiejska
7%
Strumykowa
7%
Szarych Szeregów
7%
Szmaragdowa
7%
Warmińska
7%
Zawiszy Czarnego
7%
Zdobywców Wału Pomorskiego
7%
Biskupa Czesława Domina
6%
Bogusława II
6%
Daglezji
6%
Dokerów
6%
Ferdynanda Ruszczyca
6%
Hebanowa
6%
Irysów
6%
Janusza Korczaka
6%
Kapitańska
6%
Karola Chodkiewicza
6%
Komunalna
6%
Krokusów
6%
Lotników
6%
Łubinów
6%
Mahoniowa
6%
Malownicza
6%
Manowska
6%
Marynarzy
6%
Mirtowa
6%
Norberta Barlickiego
6%
Polnych Kwiatów
6%
Przyjaźni
6%
Radogoszczańska
6%
Radości
6%
Ratowników WOPR
6%
Róży Wiatrów
6%
Seweryna Pieniężnego
6%
Walerego Wróblewskiego
6%
Wiązowa
6%
Własna
6%
Żeglarska
6%
Zgoda
6%
Żyzna
6%
Adama Śnieżka
5%
Daktylowa
5%
Henryka Wieniawskiego
5%
Hubalczyków
5%
Jadwigi Jelec
5%
Jana Baczewskiego
5%
Jana Kasprowicza
5%
Kędzierzyńska
5%
Kilińszczaków
5%
Klifowa
5%
Leonida Teligi
5%
Leopolda Staffa
5%
Marii Magdaleny Gąszczak
5%
Obrońców Tobruku
5%
Okrężna
5%
Oliwkowa
5%
Pankracego
5%
Płowce
5%
Sezamkowa
5%
Śmiała
5%
Sołecka
5%
Stefana Czarnieckiego
5%
Tychowska
5%
Władysława Grabskiego
5%
Wydmowa
5%
Zielone Wzgórze
5%
Zorzy
5%
Andrzeja Struga
4%
Arki Bożka
4%
Bażancia
4%
Bławatków
4%
Bożydara
4%
Farmerska
4%
Figowa
4%
Fiordów
4%
Gęsia
4%
Goździków
4%
Izydora Maćkowicza
4%
Jana Bauera
4%
Jaskółek
4%
Jerzego Fitio
4%
Jutrzenki
4%
Klaudiusza Górskiego
4%
Konstantego Ildefonsa Gałczyńskiego
4%
Konwalii
4%
Krawiecka
4%
Kupiecka
4%
Macierzy
4%
Majówkowa
4%
Malw
4%
Michała Kajki
4%
Okienna
4%
Pablo Picassa
4%
Paproci
4%
Rycerska
4%
Rzepakowa
4%
Sowia
4%
Spacerowa
4%
Sprężarkowa
4%
Stefana Okrzei
4%
Stefana Starzyńskiego
4%
Szewska
4%
Szwoleżerów
4%
Tataraków
4%
Torfowa
4%
Turystyczna
4%
Ułańska
4%
Weteranów
4%
Widokowa
4%
Wikingów
4%
Władysława Turowskiego
4%
Wrześniowa
4%
Żurawinowa
4%
Bartłomieja
3%
Botaniczna
3%
Czwartaków
3%
Dereniowa
3%
Franciszka Ratajczaka
3%
Głogowa
3%
Gwiezdna
3%
Hipolita Cegielskiego
3%
Jeżynowa
3%
Kaczeńców
3%
Kadetów
3%
Kogucia
3%
Kokosowa
3%
Kornela Makuszyńskiego
3%
Kościuszkowców
3%
Księdza Bolesława Domańskiego
3%
Księdza Maksymiliana Grochowskiego
3%
Limbowa
3%
Lubuszan
3%
Maksymiliana Golisza
3%
Martina Kinga
3%
Michała Ogińskiego
3%
Michała Żebrowskiego
3%
Migdałowa
3%
Młodości
3%
Opalowa
3%
Papiernicza
3%
Piratów
3%
Podchorążych
3%
Promowa
3%
Ryszarda Siennickiego
3%
Saperów
3%
Skowronków
3%
Światowida
3%
Synów Pułku
3%
Tadeusza Boya-Żeleńskiego
3%
Tadeusza Sygietyńskiego
3%
Trzech Dębów
3%
Turkusowa
3%
Wakacyjna
3%
Walecznych
3%
Wilków Morskich
3%
Wojciecha Korfantego
3%
Zalesie
3%
Złotych Kłosów
3%
Biwakowa
2%
Błękitna
2%
Bolesława Limanowskiego
2%
Bonifacego
2%
Bryzy
2%
Dąbrówki
2%
Filtrowa
2%
Generała Józefa Sowińskiego
2%
Gracjana Bojara-Fijałkowskiego
2%
Gradowa
2%
Gryfitów
2%
Indycza
2%
Innowacyjna
2%
Jaskrów
2%
Jastrzębia
2%
Józefa Mireckiego
2%
Julków Jamneńskich
2%
Kaprów
2%
Kmieca
2%
Korsarzy
2%
Korzenna
2%
Marii Ludwiki
2%
Mścisława
2%
Mściwoja
2%
Nadbrzeżna
2%
Nagietków
2%
Nasturcji
2%
Niezapominajek
2%
Obrońców Helu
2%
Orlików
2%
Pablo Nerudy
2%
Pancerniaków
2%
Panoramiczna
2%
Pigwowa
2%
Podmiejska
2%
Pograniczników
2%
Przepiórek
2%
Romana Sierocińskiego
2%
Rumianków
2%
Sanatoryjna
2%
Sekwojowa
2%
Siewna
2%
Sikorek
2%
Słowików
2%
Sokola
2%
Sosnowe Wzgórze
2%
Stoczniowców
2%
Strusia
2%
Sudecka
2%
Świętopełka
2%
Szeregowa
2%
Szkutnicza
2%
Szyprów
2%
Tkacka
2%
Wędrowna
2%
Wiatrów
2%
Władysława Laskonogiego
2%
Żarnowiecka
2%
Ziemowita
2%
abp. Józefa Teodorowicza
1%
Dalii
1%
Dobrych Swatów
1%
Gospodarska
1%
Klubowa
1%
Kocanek
1%
Koronkowa
1%
Lawendy
1%
Lazurowa
1%
Magnolii
1%
Orkiszowa
1%
Posagowa
1%
Przybysława
1%
Sasanek
1%
Serwacego
1%
Szafirków
1%
Wichrowa
1%
Wiklinowa
1%
Wodnika
1%
Wypoczynkowa
1%
Żołnierzy 8. Dywizji
1%
Piniowa
0%
Piwonii
0%
Puszczykowa
0%
Szafranowa
0%
Zefirowa
0%
Nie znaleziono quizów pasujących do podanych kryteriów
Rozkład punktacji
Procent ludzi z każdym wynikiem
Percentyl według liczby udzielonych odpowiedzi
Twoja historia wyników
Nie rozwiązałeś tego quizu